000 00339 a2200157 4500
001 59620
020 _a9783785551882
040 _cAnchieta - Pituba
100 _aMeyer, Kai
240 1 0 _aDie wasserweber
_lpor
245 1 0 _aDie wasserweber
300 _a437
362 0 _a2006
650 4 _aLiteratura juvenil em alemão
942 _cBK
999 _c59620
_d59620